| 000 | 02390ngm a22004337i 4500 | ||
|---|---|---|---|
| 999 |
_c176522 _d176522 |
||
| 005 | 20200301140351.0 | ||
| 008 | 200226t20052005cau115 j |||| 00| vaeng d | ||
| 024 | 8 |
_a9555275608037 _cRM37.63 |
|
| 040 |
_aPPAK _beng _cPPAK _erda |
||
| 041 | 0 |
_aeng _achi _akor _apor _aspa _jeng _jchi _jkor _jspa _jpor |
|
| 082 | 0 | 4 |
_a791.4334 _223 |
| 090 | 0 | 0 |
_a791.4334 _bINC _dG |
| 245 | 0 | 4 |
_aTHE INCREDIBLES / _cDirected by Brad Bird ; Produced by John Walker ; Written by Brad Bird |
| 250 | _a2-disc collector's edition | ||
| 264 | 1 |
_a[California] : _b[Pixar Animation Studios], _c[2005] |
|
| 264 | 4 | _c©2005 | |
| 300 |
_a2 DVD video (approximately 115 minutes) : _bsound, colour ; _c12 cm |
||
| 336 |
_2rdacontent _atwo-dimensional moving image _btdi |
||
| 337 |
_2rdamedia _avideo _bv |
||
| 338 |
_2rdacarrier _avideodisc _bvd |
||
| 500 | _a2 disc (Disc 1: movie disc, Disc 2: bonus disc). | ||
| 511 | 1 | _aCraig T. Nelson, Holly Hunter, Sarah Vowell, Spencer Fox, Jason Lee, Samuel L. Jackson, Elizabeth Peña. | |
| 520 | _aBob Parr and his wife Helen used to be among the world's greatest crime fighters. saving lives and battling evil on a daily basis. Fifteen years later, they have been forced to adopt civilian identities and retreat to the suburbs where they live "normal" lives with their three kids, Violet, Dash and Jack-Jack. Itching to get back into action, Bob gets his chance when a mysterious communication summons him to a remote island for a top secret assignment. He soon discovers that it will take a super family effort to rescue the world from total destruction. | ||
| 521 | _aU (General). | ||
| 546 | _aDisc 1 - In English, Mandarin and Cantonese ; with English and Chinese subtitles. Disc 2 - In English, Korean, Portuguese, Mandarin and Spanish ; with English, Chinese, Korean, Spanish and Portuguese subtitles. | ||
| 650 | 1 | 0 |
_aSuperheroes _vDrama |
| 650 | 2 | 0 |
_aCriminal investigation _vDrama |
| 650 | 2 | 0 |
_aCriminal behavior _vDrama |
| 700 | 1 |
_aBird, Brad, _efilm director. _eauthor. |
|
| 700 | 1 |
_aWalker, John, _efilm producer. |
|
| 700 | 1 |
_aNelson, Craig T., _evoice actor. |
|
| 700 | 1 |
_aHunter, Holly, _evoice actor. |
|
| 700 | 1 |
_aVowell, Sarah, _evoice actor. |
|
| 700 | 1 |
_aFox, Spencer, _evoice actor. |
|
| 700 | 1 |
_aLee, Jason, _evoice actor. |
|
| 700 | 1 |
_aJackson, Samuel L., _evoice actor. |
|
| 700 | 1 |
_aPeñ, Elizabeth, _evoice actor. |
|
| 942 |
_2ddc _cDVD |
||